000
00198 a2200097 4500
020
_a
9781595668134
041
_a
spa
100
_a
Camilla de la Bedoyare
245
_a
De renacuajo a Rana
942
_c
K
999
_c
26161
_d
26161